| 000 | 00358nam a22001457a 4500 | ||
|---|---|---|---|
| 003 | LK-CoDNM | ||
| 005 | 20240829151050.0 | ||
| 008 | 240829b |||||||| |||| 00| 0 eng d | ||
| 040 |
_aLK-CoDNM _dLK-CoDNM _eLK-CoDNM |
||
| 080 | _b1837 | ||
| 245 | _aThe Ceylon Almanac | ||
| 260 |
_aColombo _bGoverment press _c1837 |
||
| 300 | _b328p. : 19 cm | ||
| 942 | _cBK | ||
| 999 |
_c150103 _d150103 |
||